LIBRARY ONLINE CATALOGUE

Basic Concepts in Physics (Record no. 18682)

MARC details
000 -LEADER
fixed length control field 00468nam a22001697a 4500
008 - FIXED-LENGTH DATA ELEMENTS--GENERAL INFORMATION
fixed length control field 210111b xxu||||| |||| 00| 0 eng d
020 ## - INTERNATIONAL STANDARD BOOK NUMBER
International Standard Book Number 3642195976
050 ## - LIBRARY OF CONGRESS CALL NUMBER
Classification number QC21
Item number .C43 2014 c.1
100 ## - MAIN ENTRY--PERSONAL NAME
Personal name Chaichian, Masud
245 ## - TITLE STATEMENT
Title Basic Concepts in Physics
Remainder of title from the cosmos to quarks
Statement of responsibility, etc. Masud Chaichian
260 ## - PUBLICATION, DISTRIBUTION, ETC. (IMPRINT)
Place of publication, distribution, etc. London
Name of publisher, distributor, etc. Springer
Date of publication, distribution, etc. 2014
300 ## - PHYSICAL DESCRIPTION
Extent xii, 377p.
650 ## - SUBJECT ADDED ENTRY--TOPICAL TERM
Topical term or geographic name as entry element Physics
700 ## - ADDED ENTRY--PERSONAL NAME
Personal name Hugo Perez Rojas
700 ## - ADDED ENTRY--PERSONAL NAME
Personal name Anca Tureanu
942 ## - ADDED ENTRY ELEMENTS (KOHA)
Source of classification or shelving scheme Library of Congress Classification
Koha item type General Collection
Holdings
Withdrawn status Lost status Source of classification or shelving scheme Not for loan Home library Current library Date acquired Coded location qualifier Total Checkouts Full call number Barcode Date last seen Date last checked out Price effective from Koha item type
    Library of Congress Classification   Kabarak, Main Campus Kabarak, Main Campus 11/01/2021 6930 1 QC21 .C43 2014 c.1 029375 10/12/2021 03/12/2021 11/01/2021 General Collection